000 00941cam a2200241 4500
001 ABS61545
008 000000n1999 000 0 eng u
035 _a(Sirsi) u102481
100 _aMansfield, J.R.
245 _aPractical difficulties associated with constructing a residential investment portfolio
260 _c1999
490 _aProperty Management
_v17(4) 1999, 321-335(8)
520 _aDiscusses problems faced by those investing in the private rented sector, which calls for a different approach to commercial property investment. Looks at the lack of indices with which to benchmark performance, and financial market models.
590 _aABS
650 _aPRIVATE RENTED SECTOR
650 _aRESIDENTIAL PROPERTY
_96266
650 _aINVESTMENT MARKET
650 _aINDICES
650 _aINVESTMENT PROPERTY
650 _aPROPERTY PORTFOLIOS
690 _aPROPERTY-PROPERTY FINANCE AND INVESTMENT
942 _n0
999 _c61493
_d61493